| 000 | 00507cam a2200145ua 4500 | ||
|---|---|---|---|
| 041 |
_aeng _h |
||
| 082 |
_a028.74 _bSRI/UT |
||
| 100 | _aSrivastav, N S L . | ||
| 245 |
_aUtislisation and economics of draught animal power: Proceedings of th national seminar on status of animal energy utilisation / _cN S L Srivastava. _hTextual Documents |
||
| 260 |
_aBhopal : _bCentral Institute of Agricultural Engineering , _c1987. |
||
| 300 | _a392 ; . | ||
| 700 | 1 | _aOjha, T P . | |
| 942 | _cBK | ||
| 999 |
_c9857 _d9857 |
||